| 000 | 00733nam a22001697a 4500 | ||
|---|---|---|---|
| 005 | 20241022085418.0 | ||
| 008 | 241022b |||||||| |||| 00| 0 eng d | ||
| 100 |
_aSilvestre, Magnolia. _eauthor. _963249 |
||
| 245 |
_aThe eat beat : _bcookies, biskwit, soft serve avocado, and culinary heritage / _cMagnolia Silvestre, Joanna Silvestre, Marlon Aldenese, and Shaira Barnuevo. |
||
| 260 |
_aPhilippines; _bPhilippine Graphic Publishing Inc., _cNovember 2019. |
||
| 300 |
_aVolume 20, pages 44-47, _billustration. |
||
| 700 |
_aSilvestre, Magnolia. _eauthor. _963248 |
||
| 700 |
_aSilvestre, Joanna. _eauthor. _963250 |
||
| 700 |
_aAldenese, Marlon. _eauthor. _963251 |
||
| 700 |
_aBarnuevo, Shaira. _eauthor. _963252 |
||
| 942 |
_2ddc _cPER |
||
| 999 |
_c22750 _d22750 |
||